[Event "Niederoesterreich Landesliga 0405"]
[Site "Austria"]
[Date "2005.03.06"]
[Round "9"]
[White "Wadsack, Wolfgang"]
[Black "Eibersberger, Manfred"]
[Result "1/2-1/2"]
[WhiteElo "2178"]
[BlackElo "2072"]
[PlyCount "126"]
[EventDate "2004.09.19"]
[EventType "team-tourn"]
[EventRounds "11"]
[EventCountry "AUT"]
[SourceTitle "EXT 2022"]
[Source "ChessBase"]
[SourceDate "2021.10.06"]
[SourceVersion "1"]
[SourceVersionDate "2021.10.06"]
[SourceQuality "1"]

1. e4 g6 2. d4 Bg7 3. c3 d5 4. exd5 Nf6 5. Nf3 Nxd5 6. Bd3 0-0 7. 0-0 Nc6 8. Re1 Bg4 9. h3 Bxf3 10. Qxf3 Qd7 11. Bb5 Rad8 12. Na3 a6 13. Bxc6 Qxc6 14. Bg5 f6 15. Be3 e5 16. Rad1 Qa4 17. Bc1 b5 18. h4 b4 19. b3 Qc6 20. cxb4 Nxb4 21. Qxc6 Nxc6 22. dxe5 Nxe5 23. Rxd8 Rxd8 24. Bf4 Rd4 25. Bxe5 fxe5 26. Nc4 Rxh4 27. Nxe5 Bxe5 28. Rxe5 Rd4 29. g3 Kf7 30. Rc5 Rd7 31. Rc6 a5 32. Rc5 a4 33. bxa4 Ke6 34. Rc3 Rd4 35. Ra3 Rd6 36. Re3+ Kf6 37. Kf1 Rb6 38. Kg2 Ra6 39. Re4 c5 40. Kf3 h5 41. Ke3 Rb6 42. a5 Ra6 43. Ra4 Ke5 44. Kd3 Kd5 45. f4 c4+ 46. Kc3 Kc5 47. Rxc4+ Kb5 48. Kb3 Re6 49. a6 Kxa6 50. Kb4 Kb7 51. a4 Re3 52. Rc3 Re4+ 53. Kb5 h4 54. gxh4 Rxf4 55. Rc4 Rf5+ 56. Rc5 Rf4 57. Rc4 Rf5+ 58. Kb4 g5 59. h5 g4 60. Rxg4 Rxh5 61. Rg7+ Ka6 62. Rg6+ Kb7 63. Rd6 Rh4+ 1/2-1/2

[Event "Niederoesterreich Landesliga 0405"]
[Site "Austria"]
[Date "2005.01.23"]
[Round "7"]
[White "Groetz, Harald"]
[Black "Eibersberger, Manfred"]
[Result "1-0"]
[WhiteElo "2305"]
[BlackElo "2072"]
[PlyCount "73"]
[EventDate "2004.09.19"]
[EventType "team-tourn"]
[EventRounds "11"]
[EventCountry "AUT"]
[SourceTitle "EXT 2022"]
[Source "ChessBase"]
[SourceDate "2021.10.06"]
[SourceVersion "1"]
[SourceVersionDate "2021.10.06"]
[SourceQuality "1"]

1. e4 c5 2. Nf3 g6 3. d4 cxd4 4. Nxd4 Bg7 5. c4 Nc6 6. Be3 Nf6 7. Nc3 Ng4 8. Qxg4 Nxd4 9. Qd1 e5 10. Bd3 0-0 11. 0-0 b6 12. Qd2 Bb7 13. Rfd1 Qe7 14. Rac1 Rfd8 15. Bb1 Rac8 16. b3 Bc6 17. Ne2 Ne6 18. b4 Bf8 19. a3 d6 20. f3 Rc7 21. Rc3 Rdc8 22. Bc2 Bb7 23. Bb3 Ba6 24. Rdc1 Bb7 25. Rd3 Ba6 26. Qa2 b5 27. Rdc3 bxc4 28. Bxc4 Bxc4 29. Rxc4 Rxc4 30. Rxc4 Rxc4 31. Qxc4 Qb7 32. Nc3 Nc7 33. b5 Be7 34. Nd5 Nxd5 35. Qxd5 Qb8 36. Qc6 Kg7 37. Qd7 1-0

[Event "Niederoesterreich Landesliga 0405"]
[Site "Austria"]
[Date "2004.10.31"]
[Round "4"]
[White "Todor, Razvan"]
[Black "Eibersberger, Manfred"]
[Result "1/2-1/2"]
[WhiteElo "2133"]
[BlackElo "2072"]
[PlyCount "44"]
[EventDate "2004.09.19"]
[EventType "team-tourn"]
[EventRounds "11"]
[EventCountry "AUT"]
[SourceTitle "EXT 2022"]
[Source "ChessBase"]
[SourceDate "2021.10.06"]
[SourceVersion "1"]
[SourceVersionDate "2021.10.06"]
[SourceQuality "1"]

1. e4 c5 2. Nf3 g6 3. d4 cxd4 4. Nxd4 Bg7 5. c4 Nc6 6. Be3 Nf6 7. Nc3 Ng4 8. Qxg4 Nxd4 9. Qd1 e5 10. Qd2 0-0 11. Nb5 Qe7 12. 0-0-0 Nxb5 13. cxb5 d5 14. exd5 Rd8 15. d6 Qe6 16. Qb4 Bf8 17. Bc4 Qf6 18. h4 Rxd6 19. Rxd6 Bxd6 20. Qd2 Bf8 21. Bg5 Qb6 22. Be3 Qc7 1/2-1/2

[Event "Niederoesterreich Landesliga 0405"]
[Site "Austria"]
[Date "2004.10.03"]
[Round "2"]
[White "Winiwarter, Felix"]
[Black "Eibersberger, Manfred"]
[Result "0-1"]
[WhiteElo "2210"]
[BlackElo "2072"]
[PlyCount "80"]
[EventDate "2004.09.19"]
[EventType "team-tourn"]
[EventRounds "11"]
[EventCountry "AUT"]
[SourceTitle "EXT 2022"]
[Source "ChessBase"]
[SourceDate "2021.10.06"]
[SourceVersion "1"]
[SourceVersionDate "2021.10.06"]
[SourceQuality "1"]

1. e4 c5 2. Nf3 g6 3. d4 cxd4 4. Qxd4 Nf6 5. Bb5 a6 6. e5 axb5 7. exf6 e6 8. 0-0 Nc6 9. Qh4 Ra4 10. Qg5 b4 11. Nbd2 Ra5 12. Qg3 Qxf6 13. Nc4 Rc5 14. Bg5 Qf5 15. Qc7 f6 16. Qxc8+ Nd8 17. Qb8 Rxc4 18. Rad1 Bc5 19. Bh6 d5 20. Rd3 Rxc2 21. Rdd1 g5 22. h4 gxh4 23. Nd4 Bxd4 24. Rxd4 h3 25. Qg3 hxg2 26. Kxg2 Qg6 27. Bg7 Qxg3+ 28. Kxg3 Rg8 29. Rg4 f5 30. Rxb4 Rxg7+ 31. Kf3 Rcc7 32. Re1 Kd7 33. Rb6 Nc6 34. b4 Rg4 35. Rh1 Kc8 36. b5 Ne5+ 37. Ke2 Rg6 38. Rd6 Nc4 39. b6 Nxd6 40. bxc7 Rg7 0-1

[Event "AUT-ch"]
[Site "Oberpullendorf"]
[Date "2002.08.14"]
[Round "5"]
[White "Hiermann, Dietmar"]
[Black "Eibersberger, Manfred"]
[Result "1/2-1/2"]
[WhiteElo "2249"]
[BlackElo "2135"]
[PlyCount "71"]
[EventDate "2002.08.10"]
[EventType "swiss"]
[EventRounds "9"]
[EventCountry "AUT"]
[SourceTitle "CBM 089 Extra"]
[Source "ChessBase"]
[SourceDate "2002.09.10"]
[SourceVersion "2"]
[SourceVersionDate "2002.09.10"]
[SourceQuality "1"]

1. e4 g6 2. d4 Bg7 3. Nc3 c5 4. Nf3 cxd4 5. Nxd4 Nc6 6. Be3 Nf6 7. f3 0-0 8. Bc4 a5 9. Qd2 Ne5 10. Be2 d5 11. f4 Nc6 12. e5 Ng4 13. Nxc6 bxc6 14. Bc5 Rb8 15. h3 Nh6 16. 0-0-0 Qc7 17. g4 Re8 18. Rhg1 f6 19. exf6 exf6 20. f5 Nf7 21. Kb1 Bh6 22. Qd3 Ne5 23. Qg3 Bf8 24. Bxf8 Kxf8 25. fxg6 hxg6 26. Rdf1 Kg7 27. Qh4 Qe7 28. a3 Rh8 29. Qg3 Qxa3 30. b3 d4 31. Nb5 cxb5 32. g5 Rxh3 33. gxf6+ Kf7 34. Qxe5 Rxb3+ 35. cxb3 Qxb3+ 36. Kc1 1/2-1/2

[Event "AUT-ch"]
[Site "Oberpullendorf"]
[Date "2002.08.12"]
[Round "3"]
[White "Wegerer, Fred"]
[Black "Eibersberger, Manfred"]
[Result "1-0"]
[WhiteElo "2225"]
[BlackElo "2135"]
[PlyCount "57"]
[EventDate "2002.08.10"]
[EventType "swiss"]
[EventRounds "9"]
[EventCountry "AUT"]
[SourceTitle "CBM 089 Extra"]
[Source "ChessBase"]
[SourceDate "2002.09.10"]
[SourceVersion "2"]
[SourceVersionDate "2002.09.10"]
[SourceQuality "1"]

1. Nf3 Nc6 2. d4 d5 3. Bf4 Bg4 4. Nbd2 e6 5. e3 Bd6 6. c3 Nge7 7. Qb3 0-0 8. h3 Bxf3 9. Nxf3 Bxf4 10. exf4 Qd6 11. g3 f6 12. Bd3 e5 13. dxe5 fxe5 14. 0-0-0 exf4 15. g4 Kh8 16. Rhe1 Rae8 17. Bb1 Nd8 18. Ng5 g6 19. Qa4 Qf6 20. h4 f3 21. Rxd5 Nxd5 22. Rxe8 Nc6 23. Qe4 Nce7 24. Rxf8+ Qxf8 25. Qe6 Qf4+ 26. Kd1 Qf6 27. Qd7 h6 28. Ne6 Nc6 29. Qxd5 1-0

[Event "AUT-ch"]
[Site "Oberpullendorf"]
[Date "2002.08.10"]
[Round "1"]
[White "Eibersberger, Manfred"]
[Black "Schmidlechner, Alexander"]
[Result "0-1"]
[WhiteElo "2135"]
[BlackElo "2254"]
[PlyCount "76"]
[EventDate "2002.08.10"]
[EventType "swiss"]
[EventRounds "9"]
[EventCountry "AUT"]
[SourceTitle "CBM 089 Extra"]
[Source "ChessBase"]
[SourceDate "2002.09.10"]
[SourceVersion "2"]
[SourceVersionDate "2002.09.10"]
[SourceQuality "1"]

1. c4 Nf6 2. Nc3 c6 3. e4 d5 4. e5 Ne4 5. cxd5 Nxc3 6. dxc3 Qxd5 7. Qxd5 cxd5 8. Be3 Nc6 9. 0-0-0 e6 10. Nf3 g6 11. Bd3 Bg7 12. Bf4 Bd7 13. Rhe1 Rc8 14. Kb1 0-0 15. Bg5 Na5 16. Bf6 Nc4 17. Bxg7 Kxg7 18. Bxc4 Rxc4 19. Rd4 Rc7 20. Rf4 Bb5 21. Re3 Bf1 22. g4 h6 23. Nd2 Bb5 24. Rf6 d4 25. cxd4 Rfc8 26. Nb3 a5 27. Rc3 Rxc3 28. bxc3 a4 29. Nc5 b6 30. Nxe6+ fxe6 31. Rxe6 Rxc3 32. Rxb6 Bc4 33. Kb2 Rf3 34. Rb7+ Kf8 35. Ra7 Rxf2+ 36. Kc3 Bxa2 37. Rxa4 Bd5 38. Kb4 Rc2 0-1

[Event "AUT-chT2O 0102"]
[Site "Austria"]
[Date "2002.03.10"]
[Round "11.6"]
[White "Wiedner, Robert"]
[Black "Eibersberger, Manfred"]
[Result "1/2-1/2"]
[WhiteElo "2224"]
[BlackElo "2186"]
[PlyCount "45"]
[EventDate "2001.11.??"]
[EventType "team"]
[EventRounds "11"]
[EventCountry "AUT"]
[SourceTitle "EXT 2003"]
[Source "ChessBase"]
[SourceDate "2002.11.25"]
[SourceVersion "1"]
[SourceVersionDate "2002.11.25"]
[SourceQuality "1"]

1. c4 g6 2. g3 Bg7 3. Bg2 Nf6 4. Nc3 0-0 5. Nf3 c5 6. d4 cxd4 7. Nxd4 Nc6 8. 0-0 d6 9. Nxc6 bxc6 10. Bxc6 Rb8 11. Bg2 Be6 12. Nd5 Nd7 13. Rb1 Ne5 14. Qa4 Bf5 15. e4 Bd7 16. Qxa7 Nxc4 17. b3 e6 18. Bf4 Ra8 19. Qc7 exd5 20. Qxd8 Rfxd8 21. bxc4 dxc4 22. e5 Rxa2 23. Bg5 1/2-1/2

[Event "AUT-chT2O 0102"]
[Site "Austria"]
[Date "2002.01.19"]
[Round "6.5"]
[White "Wadsack, Winfried"]
[Black "Eibersberger, Manfred"]
[Result "1-0"]
[WhiteElo "2134"]
[BlackElo "2186"]
[PlyCount "111"]
[EventDate "2001.11.??"]
[EventType "team"]
[EventRounds "11"]
[EventCountry "AUT"]
[SourceTitle "EXT 2003"]
[Source "ChessBase"]
[SourceDate "2002.11.25"]
[SourceVersion "1"]
[SourceVersionDate "2002.11.25"]
[SourceQuality "1"]

1. e4 g6 2. d4 Bg7 3. c3 d5 4. e5 c5 5. f4 cxd4 6. cxd4 Nc6 7. Nc3 Nh6 8. Nf3 Bg4 9. Bb5 0-0 10. 0-0 Nf5 11. Bxc6 bxc6 12. h3 Bxf3 13. Rxf3 Qb6 14. Rd3 f6 15. Na4 Qb5 16. g4 Nxd4 17. Rxd4 fxe5 18. fxe5 Bxe5 19. Rd3 Rf7 20. Bh6 Bg7 21. Bxg7 Kxg7 22. Qb3 Qxb3 23. Rxb3 e5 24. Rf1 Raf8 25. Rxf7+ Rxf7 26. Nc5 Kh6 27. Kg2 e4 28. Kg3 Rf1 29. Ne6 g5 30. Rc3 Rg1+ 31. Kf2 Rb1 32. Rc2 Kg6 33. Nd4 c5 34. Rxc5 Rxb2+ 35. Rc2 Rb1 36. Rc6+ Kf7 37. Ra6 Rh1 38. Rxa7+ Kf6 39. Rxh7 Rh2+ 40. Ke3 Rxa2 41. Rh6+ Kf7 42. Nf5 Ra3+ 43. Kd2 d4 44. Nd6+ Kg7 45. Re6 e3+ 46. Ke2 Ra2+ 47. Kd3 Ra3+ 48. Kxd4 e2 49. Rxe2 Rxh3 50. Ke4 Kf6 51. Nf5 Ra3 52. Rd2 Ra1 53. Rd6+ Kf7 54. Nd4 Rf1 55. Nf3 Ke7 56. Rg6 1-0

[Event "Seefeld op 12th"]
[Site "Seefeld"]
[Date "2001.09.17"]
[Round "3"]
[White "Eibersberger, Manfred"]
[Black "Jacob, Konrad"]
[Result "0-1"]
[WhiteElo "2186"]
[BlackElo "2039"]
[PlyCount "144"]
[EventDate "2001.09.15"]
[EventType "swiss"]
[EventRounds "9"]
[EventCountry "AUT"]
[SourceTitle "EXT 2002"]
[Source "ChessBase"]
[SourceDate "2001.11.25"]
[SourceVersion "1"]
[SourceVersionDate "2001.11.25"]
[SourceQuality "1"]

1. c4 f5 2. e4 fxe4 3. d3 g6 4. dxe4 Bg7 5. h4 Nc6 6. h5 Nf6 7. hxg6 hxg6 8. Rxh8+ Bxh8 9. Nc3 d6 10. Be2 Be6 11. Be3 Qd7 12. Qa4 Ne5 13. Qb3 Qc6 14. Nf3 Nxf3+ 15. gxf3 Nd7 16. Nd5 Kf7 17. Nf4 Nc5 18. Bxc5 dxc5 19. 0-0-0 Qb6 20. Qxb6 axb6 21. Rh1 Bf6 22. Kb1 c6 23. Bd3 g5 24. Nxe6 Kxe6 25. a3 Rd8 26. Kc2 Bxb2 27. Rb1 Bxa3 28. Rxb6 Rd7 29. Rb1 Bb4 30. Rh1 Kf6 31. Rh6+ Kg7 32. Rh5 Kg6 33. Rh8 e5 34. Rg8+ Rg7 35. Re8 Kf6 36. Rf8+ Rf7 37. Rh8 Kg7 38. Re8 Rxf3 39. Rxe5 Rxf2+ 40. Kb3 Kf6 41. Re8 Rd2 42. Bc2 b5 43. Rc8 bxc4+ 44. Kb2 Re2 45. Rxc6+ Ke5 46. Rg6 Kf4 47. Kc1 Bc3 48. Bd1 Rxe4 49. Rg8 Bd4 50. Kc2 Re5 51. Kd2 c3+ 52. Kc2 Ke3 53. Rc8 Rf5 54. Re8+ Kf2 55. Kd3 Re5 56. Rg8 Re3+ 57. Kc2 Rg3 58. Rg6 Rg2 59. Rg8 Ke1+ 60. Kd3 Kxd1 61. Rf8 Rd2+ 62. Ke4 Re2+ 63. Kd3 Re3+ 64. Kc4 c2 65. Rf1+ Re1 66. Rxe1+ Kxe1 67. Kd3 c1Q 68. Ke4 Qf4+ 69. Kd5 g4 70. Kc4 g3 71. Kd5 g2 72. Kc4 g1Q 0-1

[Event "AUT-chT2O 0001"]
[Site "Austria"]
[Date "2001.??.??"]
[Round "6"]
[White "Eibersberger, Manfred"]
[Black "Karlusch, Albrecht"]
[Result "0-1"]
[WhiteElo "2155"]
[BlackElo "2150"]
[PlyCount "74"]
[EventDate "2000.??.??"]
[EventType "team"]
[EventRounds "11"]
[EventCountry "AUT"]
[SourceTitle "EXT 2003"]
[Source "ChessBase"]
[SourceDate "2002.11.25"]
[SourceVersion "1"]
[SourceVersionDate "2002.11.25"]
[SourceQuality "1"]

1. g3 Nf6 2. Bg2 c5 3. Nf3 e6 4. 0-0 Be7 5. c4 0-0 6. b3 Nc6 7. Bb2 d5 8. d3 d4 9. a3 e5 10. Nbd2 h6 11. b4 cxb4 12. axb4 Bxb4 13. Ba3 Bxa3 14. Rxa3 Qc7 15. Qa1 Re8 16. c5 Be6 17. Rb1 Re7 18. Nb3 Rb8 19. Na5 Nd5 20. Ne1 Nxa5 21. Rxa5 Nc3 22. Rb2 b6 23. cxb6 axb6 24. Ra8 b5 25. Kf1 Ree8 26. Rxb8 Rxb8 27. Qa3 Nd5 28. Rc2 Qb6 29. Qc5 Qxc5 30. Rxc5 Nc3 31. e3 b4 32. exd4 exd4 33. Nf3 b3 34. Nd2 b2 35. Bc6 b1Q+ 36. Nxb1 Rxb1+ 37. Kg2 Rd1 0-1

[Event "AUT-chT2O 9900"]
[Site "Austria"]
[Date "1999.10.24"]
[Round "2.1"]
[White "Eibersberger, Manfred"]
[Black "Vokroj, Rene"]
[Result "1/2-1/2"]
[WhiteElo "2165"]
[BlackElo "2288"]
[PlyCount "89"]
[EventDate "1999.??.??"]
[EventType "team"]
[EventRounds "11"]
[EventCountry "AUT"]
[SourceTitle "EXT 2001"]
[Source "ChessBase"]
[SourceDate "2000.11.22"]
[SourceVersion "1"]
[SourceVersionDate "2000.11.22"]
[SourceQuality "1"]

1. c4 Nf6 2. Nc3 c5 3. g3 Nc6 4. Bg2 g6 5. Nf3 Bg7 6. 0-0 0-0 7. d4 cxd4 8. Nxd4 d6 9. b3 Nxd4 10. Qxd4 Qa5 11. Bb2 Ng4 12. Qd2 Rb8 13. Rfd1 Qf5 14. Ne4 Bxb2 15. Qxb2 Qh5 16. h3 Qe5 17. Qxe5 Nxe5 18. f4 Nc6 19. c5 dxc5 20. Nxc5 Re8 21. Nd7 Bxd7 22. Rxd7 e5 23. Rxb7 Nd4 24. Rxb8 Rxb8 25. fxe5 Re8 26. Kf2 Rxe5 27. Bf3 Ra5 28. Rd1 Nxf3 29. Kxf3 Rxa2 30. Rd8+ Kg7 31. Ra8 a5 32. e3 Ra3 33. h4 h5 34. Kf4 Ra1 35. Kf3 Kh6 36. Kf4 Ra3 37. Ra6 Kg7 38. Kf3 Kh6 39. Kf4 Ra1 40. Kf3 Rf1+ 41. Ke4 f5+ 42. Ke5 Rf3 43. Kf6 Rxe3 44. Ra8 Kh7 45. Ra7+ 1/2-1/2

[Event "Graz op-A"]
[Site "Graz"]
[Date "1999.??.??"]
[Round "7"]
[White "Tabernig, Bernhard"]
[Black "Eibersberger, Manfred"]
[Result "1/2-1/2"]
[WhiteElo "2360"]
[BlackElo "2165"]
[PlyCount "120"]
[EventDate "1999.09.17"]
[EventType "swiss"]
[EventRounds "9"]
[EventCountry "AUT"]
[SourceTitle "EXT 2001"]
[Source "ChessBase"]
[SourceDate "2000.11.22"]
[SourceVersion "1"]
[SourceVersionDate "2000.11.22"]
[SourceQuality "1"]

1. d4 Nf6 2. c4 c5 3. d5 b5 4. cxb5 a6 5. bxa6 Bxa6 6. g3 d6 7. Bg2 g6 8. Nc3 Bg7 9. Rb1 0-0 10. b3 Nbd7 11. Nh3 Qa5 12. Bd2 Rfb8 13. a4 Qc7 14. 0-0 Ra7 15. Qc2 Rab7 16. Rfc1 Qc8 17. Nf4 c4 18. b4 Rxb4 19. Rxb4 Rxb4 20. Nb5 c3 21. Bxc3 Rc4 22. Na3 Rc5 23. Nb1 Nb6 24. Qb3 Qb7 25. e4 Nfd7 26. h4 Bxc3 27. Nxc3 Qc7 28. Bf1 Bxf1 29. Kxf1 Rc4 30. a5 Na4 31. Nfe2 Ne5 32. Rc2 Qxa5 33. Ra2 Qb6 34. Qxb6 Nxb6 35. Ra7 Kf8 36. Kg2 Nd3 37. f4 f5 38. exf5 gxf5 39. Ra6 Nd7 40. Ra4 Rxa4 41. Nxa4 Nf6 42. Nb6 Nb4 43. Nd4 Nbxd5 44. Nxd5 Nxd5 45. Nxf5 Kf7 46. Kf3 Kf6 47. Nd4 e5 48. Nb5 exf4 49. gxf4 Kg6 50. Nxd6 Kh5 51. Nf5 Nf6 52. Kg3 Ne4+ 53. Kh3 Nf2+ 54. Kg2 Ne4 55. Kf3 Nf6 56. Ke3 Kg4 57. Nh6+ Kh5 58. Nf5 Kg4 59. Ne7 Kxh4 60. Kf3 Kh5 1/2-1/2

[Event "Graz op-A"]
[Site "Graz"]
[Date "1999.??.??"]
[Round "3"]
[White "Wittmann, Walter"]
[Black "Eibersberger, Manfred"]
[Result "1/2-1/2"]
[WhiteElo "2360"]
[BlackElo "2165"]
[PlyCount "66"]
[EventDate "1999.09.17"]
[EventType "swiss"]
[EventRounds "9"]
[EventCountry "AUT"]
[SourceTitle "EXT 2001"]
[Source "ChessBase"]
[SourceDate "2000.11.22"]
[SourceVersion "1"]
[SourceVersionDate "2000.11.22"]
[SourceQuality "1"]

1. e4 b6 2. d4 Bb7 3. Bd3 Nf6 4. Nd2 e6 5. Ngf3 d5 6. e5 Nfd7 7. Qe2 c5 8. c3 Nc6 9. a3 a5 10. 0-0 Be7 11. Re1 cxd4 12. cxd4 g5 13. h3 h5 14. Nf1 g4 15. hxg4 hxg4 16. N3h2 Nxd4 17. Qxg4 Nb3 18. Rb1 Qc7 19. Bf4 0-0-0 20. Bg3 Ndc5 21. Bc2 Rdg8 22. Qd1 a4 23. Nd2 Bh4 24. Bxh4 Rxh4 25. Ndf3 Rc4 26. Nf1 d4 27. Bd3 Nxd3 28. Qxd3 Kb8 29. Ng3 Bxf3 30. gxf3 b5 31. Rbd1 f5 32. exf6 Rxg3+ 33. fxg3 Qxg3+ 1/2-1/2

[Event "AUT-chT2O 9798"]
[Site "Austria"]
[Date "1998.03.13"]
[Round "13"]
[White "Eibersberger, Manfred"]
[Black "Wadsack, Wolfgang"]
[Result "1/2-1/2"]
[WhiteElo "2240"]
[BlackElo "2185"]
[PlyCount "20"]
[EventDate "1997.??.??"]
[EventType "team"]
[EventRounds "13"]
[EventCountry "AUT"]
[SourceTitle "EXT 1999"]
[Source "ChessBase"]
[SourceDate "1998.11.16"]
[SourceVersion "1"]
[SourceVersionDate "1998.11.16"]
[SourceQuality "1"]

1. e4 d5 2. Nc3 e6 3. d4 dxe4 4. Nxe4 Nd7 5. Nf3 Ngf6 6. Bd3 Nxe4 7. Bxe4 Nf6 8. Bd3 Be7 9. 0-0 0-0 10. c4 c5 1/2-1/2

[Event "AUT-chT2O 9899"]
[Site "Austria"]
[Date "1998.??.??"]
[Round "2"]
[White "Gugler, Edgar"]
[Black "Eibersberger, Manfred"]
[Result "1/2-1/2"]
[WhiteElo "2220"]
[BlackElo "2165"]
[PlyCount "33"]
[EventDate "1998.10.??"]
[EventType "team"]
[EventRounds "11"]
[EventCountry "AUT"]
[SourceTitle "EXT 2000"]
[Source "ChessBase"]
[SourceDate "1999.11.16"]
[SourceVersion "1"]
[SourceVersionDate "1999.11.16"]
[SourceQuality "1"]

1. d4 d5 2. Nf3 Nc6 3. Bf4 Bg4 4. Nbd2 e6 5. h3 Bh5 6. e3 Bd6 7. Bxd6 Qxd6 8. c4 Nf6 9. c5 Qe7 10. Bb5 0-0 11. Bxc6 bxc6 12. g4 Bg6 13. Ne5 Nd7 14. Ndf3 Be4 15. Nxd7 Bxf3 16. Qxf3 Qxd7 17. 0-0-0 1/2-1/2

[Event "AUT-chT2O 9798"]
[Site "Austria"]
[Date "1997.12.08"]
[Round "6"]
[White "Eibersberger, Manfred"]
[Black "Humer, Wolfgang"]
[Result "0-1"]
[WhiteElo "2240"]
[BlackElo "2270"]
[PlyCount "68"]
[EventDate "1997.??.??"]
[EventType "team"]
[EventRounds "13"]
[EventCountry "AUT"]
[SourceTitle "EXT 1999"]
[Source "ChessBase"]
[SourceDate "1998.11.16"]
[SourceVersion "1"]
[SourceVersionDate "1998.11.16"]
[SourceQuality "1"]

1. e4 c5 2. d4 cxd4 3. c3 d5 4. exd5 Qxd5 5. cxd4 Nc6 6. Nf3 e5 7. Nc3 Bb4 8. Bd2 Bxc3 9. Bxc3 e4 10. Ne5 Nxe5 11. dxe5 Ne7 12. Be2 0-0 13. 0-0 Bf5 14. Qc1 Qe6 15. Rd1 Rfd8 16. Qg5 h6 17. Qh4 Rac8 18. a3 Kh7 19. Rxd8 Rxd8 20. Rd1 Rd5 21. g4 Rxd1+ 22. Bxd1 Qd5 23. Bc2 g5 24. Qg3 Bg6 25. Qe3 Nc6 26. Qg3 Nd8 27. h4 gxh4 28. Qxh4 Ne6 29. Qf6 Qc4 30. Bd1 a5 31. g5 e3 32. fxe3 hxg5 33. Bc2 Qg4+ 34. Kh2 Qe2+ 0-1

[Event "AUT-chT2O 9798"]
[Site "Austria"]
[Date "1997.??.??"]
[Round "4"]
[White "Eibersberger, Manfred"]
[Black "Singer, Christoph"]
[Result "0-1"]
[WhiteElo "2240"]
[BlackElo "2230"]
[PlyCount "80"]
[EventDate "1997.??.??"]
[EventType "team"]
[EventRounds "13"]
[EventCountry "AUT"]
[SourceTitle "EXT 1999"]
[Source "ChessBase"]
[SourceDate "1998.11.16"]
[SourceVersion "1"]
[SourceVersionDate "1998.11.16"]
[SourceQuality "1"]

1. e4 e5 2. Nf3 Nc6 3. d4 exd4 4. c3 d5 5. exd5 Qxd5 6. cxd4 Bg4 7. Be2 Bxf3 8. Bxf3 Qc4 9. Bxc6+ bxc6 10. Qe2+ Qxe2+ 11. Kxe2 Rb8 12. b3 Nf6 13. Ba3 Nd5 14. Bxf8 Rxf8 15. Rc1 Kd7 16. Nc3 Rfe8+ 17. Kf3 Rb4 18. Ne2 Re6 19. g3 g5 20. Rc2 f5 21. Rd1 g4+ 22. Kg2 Rxe2 23. Rxe2 Nc3 24. Red2 Nxd1 25. Rxd1 Kd6 26. Re1 Rxd4 27. Re8 a5 28. Ra8 a4 29. bxa4 c5 30. h3 gxh3+ 31. Kxh3 c4 32. Rb8 c3 33. Rb3 Rc4 34. Rb1 Rxa4 35. Rc1 Ra3 36. Kg2 Kd5 37. Kf3 Kd4 38. Kf4 Rxa2 39. f3 Ra4 40. Rd1+ Kc4 0-1